000
00447nam a2200181Ia 4500
008
090124s9999 xx 000 0 und d
082
_b
112558
100
_a
बुआ वि.आ.
245
_a
पसंत आहे
250
_a
1
260
_c
1968
300
_a
116
600
_a
बुआ वि.आ.
630
_a
पसंत आहे
700
_a
बुआ वि.आ.
730
_a
पसंत आहे
942
_c
BOOK
999
_c
158649
_d
158649